00393nam a2200121Ia 4500003000400000005001700004008004100021040001800062041000800080100004500088245010200133260003600235OSt20260123105117.0211028s2016 xx 000 0 und d cAIMIT LIBRARY aeng aPais, Jennifer, Achar, Sumitha.g1416064 aStudy on the effect of employer branding in attracting candidates towards the BPO/ ITE industry / aMangalorebSumitha Acharec2016